Cantiones sacrae duchovné piesne Vianoc zo Slovenska 16. až 18. stor. : spev a organ

Bibliographic Details
Main Author: Krák, Egon, 1958- (Adapter)
Format: Musical Score Book
Language:Slovak
Latin
PhysicalDescription:1 partitúra (25 s.) 30 cm
Published: Bratislava Hudobný fond 2010
Edition:1. vyd.
Series:Musica slovaca
Subjects:

MARC

LEADER 00000ncm a2200000 a 4500
001 vtls010270948
003 SK-MaSNL
005 20260426012253.0
007 qu
008 110413s2010 xo sgu f u slo
015 |a SNBH2014 
024 2 |a 9790685000884 (brož.) 
028 3 1 |a HF 3492  |b Hudobný fond 
040 |a SNK  |b slo  |c SNK  |e AACR2 
041 0 |a slo  |a lat 
043 |a e-xo--- 
044 |a xo  |c SK 
048 |b vn01  |a kb01 
072 7 |a 783  |x Cirkevná hudba. Duchovná hudba. Náboženská hudba  |2 konspekt 
080 |a 783.6:784.9  |2 2001 
080 |a 783.28:784.9  |2 2001 
080 |a (437.6)  |2 2001 
080 |a 78.089.6  |2 2001 
084 |a 3  |2 snlmc 
245 0 0 |a Cantiones sacrae  |h hudobnina  |b duchovné piesne Vianoc zo Slovenska 16. až 18. stor. : spev a organ  |c výber a rekonštrukcia Egon Krák 
250 |a 1. vyd. 
254 |a Partitúra 
260 |a Bratislava  |b Hudobný fond  |c 2010 
300 |a 1 partitúra (25 s.)  |c 30 cm 
366 |e 500 výt. 
490 1 |a Musica slovaca 
500 |a Obsahuje 25 vianočných piesní a kolied 
648 7 |a 16.-18. stor.  |2 SNKPH  |9 309930 
648 7 |a 16th-18th centuries  |2 SNKPHeng  |9 319470 
650 0 7 |a duchovné piesne (spev, organ)  |2 SNKPH  |9 550538 
650 0 7 |a vianočné piesne (spev, organ)  |2 SNKPH  |9 701931 
650 0 7 |a Sacred songs (voice, organ)  |2 SNKPHeng  |9 603141 
650 0 7 |a Christmas songs (voice, organ)  |2 SNKPHeng  |9 701932 
651 7 |a Slovensko  |2 SNKPH  |9 14231 
651 7 |a Slovakia  |2 SNKPHeng  |9 92630 
655 7 |a partitúry  |2 SNKPH  |9 70123 
655 7 |a Scores  |2 SNKPHeng  |9 285331 
700 1 |a Krák, Egon,  |d 1958-  |4 adp  |9 251856 
830 0 |a Musica slovaca  |9 317889 
919 |a 979-0-68500-088-4 
924 |a spev, organ 
999 |c 1092721  |d 1094651 
952 |a SNK  |b SNK  |y PREZ  |7 0  |p 17A0696613  |o snkHSB 4401  |i snk2011/8624  |8 0  |0 0  |1 0  |4 0  |d 2011-04-13  |l 0  |r 2026-02-24 17:02:53  |w 2026-02-24 
952 |a SNK  |b SNK  |y VYP  |7 0  |p 17A0696614  |o snkHSB 4401 D1  |i snk2011/8625  |8 0  |0 0  |1 0  |4 0  |d 2011-04-13  |l 0  |r 2026-02-24 17:02:54  |w 2026-02-24